000 00578nam a2200181Ia 4500
003 IN-BaIIA
008 211028s9999 xx 000 0 eng d
020 _a0-201-40780-9
040 _cIIA Library
080 _a52:539.12
_bKAN
100 _aKane, Gordon
_922477
245 4 _aThe particle garden
_bour universe as understood by particle physicists
_cGordon Kane
260 _aMassachusetts
_bAddison-Wesley
_c1995
300 _axvi, 224p.
650 _aParticle physicist
_922478
650 _aUniverse
_91987
942 _cBK
999 _c12819
_d12819